Hacer la historia

-д хадгалсан:
Номзүйн дэлгэрэнгүй
Үндсэн зохиолч: Le Goff, Jacques (Зохиогч)
Бусад зохиолчид: Nora, Pierre (autor)
Формат: Ном
Хэл сонгох:испани
Хэвлэсэн: Barcelona Laia 1985
Хэвлэл:2a. ed
Цуврал:Colección Papel 451, 43-47-50
Нөхцлүүд:
Шошгууд: Шошго нэмэх
Шошго байхгүй, Энэхүү баримтыг шошголох эхний хүн болох!

MARC

LEADER 00000nam a2200000 a 4500
001 UCP7890
003 CL-VaPUC
008 000106e19850000SP |||||||||||||||||spa|d
082 0 4 |a 907.2  |b LEG  |2 21 
100 |a Le Goff, Jacques  |e author  |9 322549 
700 |a Nora, Pierre  |e autor  |9 538805 
245 1 0 |a Hacer la historia 
250 |a 2a. ed 
300 |a 3 v 
942 |c BK 
945 |d 20000106 00:00:00  |a rherrera 
260 |a Barcelona  |b Laia  |c 1985 
500 |a v.1: Nuevos Problemas 
500 |a v.2: Nuevos Enfoques 
500 |a v.3: Nuevos Temas 
650 0 |a Historiografía   |9 257871 
650 0 |a Crítica e interpretación   |9 255042 
650 0 |a Sociología   |9 255410 
650 7 |a MARXISMO  |2 CL-VaPUC  |9 437581 
650 0 |a Arqueología   |9 265619 
650 0 |a Demografía   |9 260008 
650 0 |a Economía   |9 255568 
650 0 |a Religión   |9 255164 
650 0 |a Mitos  |9 267117 
650 0 |a Lenguaje   |9 265069 
650 0 |a Sociedad  |9 307903 
583 |a last modification  |c 20000106 00:00:00  |k Rodrigo Vera 
490 0 |a Colección Papel 451, 43-47-50 
999 |c 284927  |d 284925 
952 |0 0  |1 0  |4 0  |6 907_200000000000000_LEG_1985  |7 0  |8 X  |9 329236  |a BIBHIS  |b BIBHIS  |d 2019-11-20  |h v.1  |i 1376039  |l 1  |o 907.2 LEG 1985  |p 1376039  |r 2024-06-12  |s 2024-06-12  |w 2019-11-20  |y BK_X  |k HIS 
952 |0 0  |1 0  |4 0  |6 907_200000000000000_LEG_1985  |7 0  |8 X  |9 329237  |a BIBHIS  |b BIBHIS  |d 2019-11-20  |h v.2  |i 1376047  |l 1  |m 1  |o 907.2 LEG 1985  |p 1376047  |r 2024-07-12  |s 2024-06-12  |w 2019-11-20  |y BK_X  |k HIS